Detalles MARC
| 000 -CABECERA |
| Longitud fija campo de control |
01488nam a2200265Ia 4500 |
| 005 - • FECHA Y HORA DE LA ÚLTIMA TRANSACCIÓN |
| Fecha y hora de la última transacción |
20220316235748.0 |
| 008 - • CÓDIGOS DE INFORMACIÓN DE LONGITUD FIJA |
| Códigos de información de longitud fija |
121119s2000 ck gr 100 0 spa |
| 020 ## - • NÚMERO INTERNACIONAL NORMALIZADO PARA LIBROS |
| Número Internacional Normalizado para Libros (ISBN) |
9588052807 |
| 041 0# - • CÓDIGO DE LENGUA |
| Código de lengua del texto/banda sonora o título independiente |
spa |
| 082 04 - • NÚMERO DE LA CLASIFICACIÓN DECIMAL DEWEY |
| Número de clasificación (R) |
370.118 |
| Número del ítem |
E52b |
| 040 ## - FUENTE DE LA CATALOGACIÓN |
| Centro catalogador de origen |
CO-BoRNBP |
| Lengua de catalogación |
spa |
| Normas de descripción |
rda |
| Centro transcriptor |
CO-BoRNBP |
| 111 2# - • PUNTO DE ACCESO PRINCIPAL-NOMBRE DE CONGRESO |
| Nombre de congreso o jurisdicción como elemento de entrada |
Encuentro Regional de talleres de Escritores |
| Sede del congreso |
Medellin |
| Fecha del congreso |
2000 |
| 245 10 - • TITULO PROPIAMENTE DICHO |
| Título |
Bitácora de los talleres literarios en Colombia |
| Mención de responsabilidad, etc. |
Encuentro Regional de Talleres de Escritores |
| 250 ## - • MENCIÓN DE EDICIÓN |
| Mención de edición |
Primera edición |
| 264 ## - PRODUCCIÓN, PUBLICACIÓN , DISTRIBUCIÓN, FABRICACIÓN Y COPYRIGHT |
| Lugar de producción, publicación, distribución, fabricación |
Santa Fé de Bogotá |
| Nombre del productor, editor, distribuidor, fabricante |
Ministerio de Cultura |
| Fecha de de producción, publicación, distribución, fabricación o copyright |
2000 |
| 300 ## - • DESCRIPCIÓN FÍSICA |
| Extensión |
359 páginas |
| Dimensiones |
20 cm |
| 336 ## - TIPO DE CONTENIDO |
| Término de tipo de contenido |
texto |
| Código de tipo de contenido |
txt |
| Fuente |
rdacontent |
| 337 ## - TIPO DE MEDIO |
| Nombre del tipo de medio |
sin mediación |
| Código del tipo de medio |
n |
| Fuente |
rdamedia |
| 338 ## - TIPO DE SOPORTE |
| Nombre del tipo de soporte |
volumen |
| Código del tipo de soporte |
nc |
| Fuente |
rdacarrier |
| 520 2# - • NOTA DE RESUMEN |
| Resumen, etc, |
Al margen de las múltiples preguntas que general los talleres literarios, es indudable que existe en Colombia una vocación de tallerismo y que son los talleres la opción más clara de formar creadores de literatura, independientemente de las siempre ricas posiblidades individuales ; compartir y criticar, leer y escribir, interiorizar e intercambiar, he ahí una dialéctica del taller de escritores, cuya continuidad debe avalarse, desde la creación y desde los espacios destinados a sostenerlos |
| 650 14 - • PUNTO DE ACCESO ADICIONAL DE MATERIA - TÉRMINO DE MATERIA |
| Término de materia o nombre geográfico como elemento inicial |
Promoción de la lectura |
| Subdivisión geográfica |
Colombia |
| Subdivisión de forma |
Congresos, conferencias, etc. |
| Fuente del encabezamiento o término |
LEMB |
| 650 14 - • PUNTO DE ACCESO ADICIONAL DE MATERIA - TÉRMINO DE MATERIA |
| Término de materia o nombre geográfico como elemento inicial |
Libros y lectura para niños |
| Subdivisión geográfica |
Colombia |
| Subdivisión de forma |
Congresos, conferencias, etc. |
| Fuente del encabezamiento o término |
LEMB |
| 650 14 - • PUNTO DE ACCESO ADICIONAL DE MATERIA - TÉRMINO DE MATERIA |
| Término de materia o nombre geográfico como elemento inicial |
Talleres literarios |
| Subdivisión cronológica |
Colombia |
| Fuente del encabezamiento o término |
LEMB |
| 942 ## - ENTRADA DE ELEMENTOS AGREGADOS (KOHA) |
| Fuente de clasificaión o esquema |
Dewey Decimal Classification |
| Koha [por defecto] tipo de item |
LIbro |